[Event "CZE-ch U14 Girls"]
[Site "Kouty nad Desnou"]
[Date "2024.03.11"]
[Round "3"]
[White "Kozusnikova, Daniela"]
[Black "Barteckova, Nikol"]
[Result "1-0"]
[WhiteElo "1809"]
[BlackElo "1612"]
[PlyCount "111"]
[EventDate "2024.03.09"]
[EventType "swiss"]
[EventRounds "9"]
[EventCountry "CZE"]
[SourceTitle "CB12_2024"]
[SourceDate "2023.10.01"]
[SourceVersion "1"]
[SourceVersionDate "2023.10.01"]
[SourceQuality "1"]

1. d4 Nf6 2. Bg5 d5 3. Nf3 c5 4. e3 Nc6 5. c4 e6 6. Nc3 cxd4 7. Nxd4 Bb4 8. Qb3 Bxc3+ 9. Qxc3 Ne4 10. Bxd8 Nxc3 11. Bc7 Ne4 12. cxd5 Nxd4 13. exd4 exd5 14. f3 Nf6 15. Be5 0-0 16. Bxf6 gxf6 17. Bd3 Be6 18. Rc1 Rac8 19. Kf2 Rfe8 20. Rhe1 h6 21. Bb5 Red8 22. Bd3 Kf8 23. f4 Rxc1 24. Rxc1 Rc8 25. Rxc8+ Bxc8 26. Ke3 f5 27. Kf3 Kg7 28. h3 h5 29. Kg3 Kg6 30. Kh4 Kh6 31. Be2 Be6 32. Bxh5 f6 33. Bf3 Kg6 34. Kg3 Kh6 35. Kf2 Kg7 36. Ke3 Kf7 37. Kd3 Ke7 38. Kc3 a6 39. Kb4 Kd6 40. Bh5 Kc6 41. Bg6 b6 42. h4 Kd7 43. h5 Ke7 44. a4 Bd7 45. a5 bxa5+ 46. Kxa5 Bb5 47. Bxf5 Kf7 48. b3 Be2 49. Bg6+ Kg7 50. Kb6 Bd1 51. b4 Be2 52. Kc5 Bc4 53. Bf5 Kh6 54. g4 Kg7 55. Be6 Kh6 56. Bxd5 1-0

[Event "CZE-ch U14 Girls"]
[Site "Teplice"]
[Date "2023.03.16"]
[Round "7"]
[White "Kozusnikova, Daniela"]
[Black "Kammova, Katerina"]
[Result "1-0"]
[WhiteElo "1581"]
[BlackElo "1454"]
[PlyCount "45"]
[EventDate "2023.03.11"]
[EventType "swiss"]
[EventRounds "9"]
[EventCountry "CZE"]
[SourceTitle "CBM 213 Extra"]
[Source "ChessBase"]
[SourceDate "2023.05.31"]
[SourceVersion "1"]
[SourceVersionDate "2023.05.31"]
[SourceQuality "1"]

1. d4 Nf6 2. Nf3 e6 3. Bf4 d5 4. e3 Bd6 5. Ne5 c5 6. Bb5+ Nbd7 7. Bxd7+ Nxd7 8. Nxf7 Kxf7 9. Bxd6 Qb6 10. dxc5 Qxb2 11. Nd2 Qc3 12. 0-0 Nxc5 13. Qh5+ g6 14. Qg5 Nd7 15. Qe7+ Kg8 16. Qxe6+ Kg7 17. Nf3 Qc4 18. Ne5 Nxe5 19. Qxe5+ Kg8 20. Qe8+ Kg7 21. Qe7+ Kh6 22. Bf4+ Kh5 23. Qg5# 1-0

[Event "CZE-ch U14 Girls"]
[Site "Teplice"]
[Date "2023.03.15"]
[Round "6"]
[White "Zadrapova, Amalie"]
[Black "Kozusnikova, Daniela"]
[Result "1-0"]
[WhiteElo "1665"]
[BlackElo "1581"]
[PlyCount "63"]
[EventDate "2023.03.11"]
[EventType "swiss"]
[EventRounds "9"]
[EventCountry "CZE"]
[SourceTitle "CBM 213 Extra"]
[Source "ChessBase"]
[SourceDate "2023.05.31"]
[SourceVersion "1"]
[SourceVersionDate "2023.05.31"]
[SourceQuality "1"]

1. c4 e5 2. Nc3 Nf6 3. g3 Bc5 4. Bg2 0-0 5. Nf3 Nc6 6. 0-0 Re8 7. d3 a6 8. a3 a5 9. Bd2 d6 10. Rc1 h6 11. Nh4 Be6 12. Nd5 Rb8 13. e3 Bg4 14. Nxf6+ Qxf6 15. Qxg4 a4 16. Qf5 Qe7 17. Be4 g6 18. Qg4 Qf6 19. Qf3 Qe7 20. Bd5 Kg7 21. Bc3 Qd7 22. Rcd1 Bb6 23. d4 exd4 24. exd4 Re7 25. Bxc6 bxc6 26. d5+ Kh7 27. Qf6 Rg8 28. Rfe1 Rxe1+ 29. Rxe1 cxd5 30. Re7 Qg4 31. Qxf7+ Rg7 32. Qxg7# 1-0

[Event "CZE-ch U14 Girls"]
[Site "Teplice"]
[Date "2023.03.14"]
[Round "5"]
[White "Kozusnikova, Daniela"]
[Black "Buchtova, Viktorie"]
[Result "1-0"]
[WhiteElo "1581"]
[BlackElo "1560"]
[PlyCount "77"]
[EventDate "2023.03.11"]
[EventType "swiss"]
[EventRounds "9"]
[EventCountry "CZE"]
[SourceTitle "CBM 213 Extra"]
[Source "ChessBase"]
[SourceDate "2023.05.31"]
[SourceVersion "1"]
[SourceVersionDate "2023.05.31"]
[SourceQuality "1"]

1. d4 Nf6 2. Nf3 e6 3. Bg5 h6 4. Bxf6 Qxf6 5. e4 b6 6. Bd3 Bb7 7. Nbd2 d6 8. c3 Nd7 9. 0-0 g5 10. b4 g4 11. Ne1 h5 12. Nc2 Bh6 13. a4 0-0-0 14. a5 Nb8 15. axb6 axb6 16. Nc4 Qg5 17. N4e3 Rdf8 18. Qe2 Qf4 19. d5 Bg7 20. Ra3 Be5 21. g3 Qg5 22. c4 f5 23. exf5 exf5 24. c5 bxc5 25. bxc5 dxc5 26. Nc4 Bd6 27. Qe6+ Nd7 28. Nxd6+ cxd6 29. Bb5 Rh7 30. Bc6 Qf6 31. Bxb7+ Kc7 32. Qxf6 Rxf6 33. Bc6 Kd8 34. Ra8+ Kc7 35. Rb1 Nb6 36. Ra7+ Kc8 37. Rxh7 Nc4 38. Rh8+ Kc7 39. Rb7# 1-0

[Event "CZE-ch U14 Girls"]
[Site "Teplice"]
[Date "2023.03.13"]
[Round "4"]
[White "Slivova, Linda"]
[Black "Kozusnikova, Daniela"]
[Result "0-1"]
[WhiteElo "1474"]
[BlackElo "1581"]
[PlyCount "100"]
[EventDate "2023.03.11"]
[EventType "swiss"]
[EventRounds "9"]
[EventCountry "CZE"]
[SourceTitle "CBM 213 Extra"]
[Source "ChessBase"]
[SourceDate "2023.05.31"]
[SourceVersion "1"]
[SourceVersionDate "2023.05.31"]
[SourceQuality "1"]

1. d4 d5 2. Bf4 Nf6 3. Nf3 Nc6 4. e3 Bf5 5. c4 e6 6. a3 a5 7. Nc3 Bd6 8. Ne5 Ne7 9. Nb5 dxc4 10. Nxd6+ cxd6 11. Nxc4 Nc8 12. Be2 0-0 13. 0-0 Qd7 14. f3 b5 15. Nd2 Nd5 16. Qb3 Nxf4 17. exf4 Rb8 18. Ne4 Ne7 19. Rac1 Nd5 20. g3 a4 21. Qd3 b4 22. Qa6 Rb6 23. Qd3 bxa3 24. Qxa3 Rfb8 25. Bc4 Ne7 26. Rf2 Qc6 27. Rfc2 Qd7 28. Be2 Nd5 29. Ra1 h6 30. Qxa4 Qxa4 31. Rxa4 Rxb2 32. Ra2 Rb1+ 33. Kf2 Nb4 34. Rd2 Nxa2 35. Rxa2 d5 36. Nc5 R1b2 37. Rxb2 Rxb2 38. Ke3 Kf8 39. g4 Bb1 40. h3 Ke7 41. Nd3 Rb3 42. Kd2 Bxd3 43. Bxd3 Rb2+ 44. Bc2 Ra2 45. h4 g6 46. f5 exf5 47. gxf5 g5 48. hxg5 h5 49. g6 fxg6 50. fxg6 Rxc2+ 0-1

[Event "CZE-ch U14 Girls"]
[Site "Teplice"]
[Date "2023.03.11"]
[Round "1"]
[White "Kozusnikova, Daniela"]
[Black "Kubatova, Ema"]
[Result "1-0"]
[WhiteElo "1581"]
[BlackElo "1189"]
[PlyCount "141"]
[EventDate "2023.03.11"]
[EventType "swiss"]
[EventRounds "9"]
[EventCountry "CZE"]
[SourceTitle "CBM 213 Extra"]
[Source "ChessBase"]
[SourceDate "2023.05.31"]
[SourceVersion "1"]
[SourceVersionDate "2023.05.31"]
[SourceQuality "1"]

1. e4 c6 2. d4 d5 3. exd5 cxd5 4. Bd3 Nc6 5. c3 Nf6 6. Nf3 Bg4 7. h3 Bd7 8. Bf4 e6 9. Nbd2 Be7 10. 0-0 0-0 11. Re1 Rc8 12. Nb3 b6 13. Ba6 Ne4 14. Bxc8 Bxc8 15. Ne5 Bb7 16. Qd3 Bd6 17. Nxc6 Bxc6 18. Bxd6 Qxd6 19. Nd2 Nf6 20. Nf3 Nd7 21. Rad1 Rc8 22. Re3 Bb7 23. Rde1 Qc7 24. Ng5 Nf6 25. Nf3 Nd7 26. Nh2 Nf8 27. Rg3 Ng6 28. Qe2 Qe7 29. Qg4 Ba6 30. Nf3 Qf6 31. Ne5 Nxe5 32. Rxe5 Bc4 33. b3 Bb5 34. Rxd5 Bc6 35. Rg5 g6 36. d5 Bd7 37. Rf3 Qe7 38. dxe6 Bxe6 39. Qf4 Qd7 40. Qd4 Qe7 41. Re5 Rd8 42. Qf4 Qd7 43. c4 Qd1+ 44. Kh2 Qd6 45. Re2 Qxf4+ 46. Rxf4 a6 47. Rc2 Rc8 48. Rd2 Kg7 49. Rfd4 b5 50. cxb5 axb5 51. Rd8 Rxd8 52. Rxd8 Kf6 53. Rb8 Bd7 54. Kg3 Ke5 55. Kf3 Kd5 56. Ke3 Kc5 57. g4 Be6 58. Rh8 Kb4 59. Kd4 Ka3 60. Ra8+ Kb4 61. Ke5 Kc3 62. a4 bxa4 63. bxa4 Kb4 64. Kf6 Bd5 65. Ra7 Bc6 66. Kxf7 Bxa4 67. Rxa4+ Kxa4 68. f4 Kb5 69. f5 gxf5 70. gxf5 Kc6 71. Ke6 1-0

[Event "Wch U12 Girls"]
[Site "Batumi"]
[Date "2022.09.19"]
[Round "4"]
[White "Kozusnikova, Daniela"]
[Black "Tynyshtyk, Diana"]
[Result "0-1"]
[WhiteElo "1597"]
[BlackElo "1373"]
[PlyCount "76"]
[EventDate "2022.09.16"]
[EventType "swiss"]
[EventRounds "11"]
[EventCountry "GEO"]
[SourceTitle "EXT 2023"]
[Source "ChessBase"]
[SourceDate "2022.10.05"]
[SourceVersion "1"]
[SourceVersionDate "2022.10.05"]
[SourceQuality "1"]

1. e4 c5 2. Nf3 Nc6 3. d4 cxd4 4. Nxd4 g6 5. c4 Bg7 6. Be3 Qb6 7. Nxc6 Qxc6 8. Qc2 Nf6 9. Nc3 Ng4 10. Bf4 Bd4 11. Bg3 Bxc3+ 12. bxc3 d6 13. Be2 Nf6 14. f3 Be6 15. c5 Qxc5 16. Bf2 Qc7 17. 0-0 0-0 18. Rab1 Rfc8 19. Bd4 Bd7 20. Rfd1 e5 21. Bf2 Qxc3 22. Qxc3 Rxc3 23. Rxd6 Be6 24. a4 b6 25. Rbd1 Nh5 26. g3 Bb3 27. Ra1 Rac8 28. Rd7 Rc1+ 29. Rxc1 Rxc1+ 30. Kg2 Bxa4 31. Rxa7 b5 32. Rb7 Rc3 33. Rb6 Kg7 34. Rb7 Nf6 35. Re7 b4 36. Ra7 Bd7 37. Be1 Rc2 38. Kf1 b3 0-1

[Event "Wch U12 Girls"]
[Site "Batumi"]
[Date "2022.09.18"]
[Round "3"]
[White "Abibulla, Zhansaya"]
[Black "Kozusnikova, Daniela"]
[Result "0-1"]
[WhiteElo "1017"]
[BlackElo "1597"]
[PlyCount "70"]
[EventDate "2022.09.16"]
[EventType "swiss"]
[EventRounds "11"]
[EventCountry "GEO"]
[SourceTitle "EXT 2023"]
[Source "ChessBase"]
[SourceDate "2022.10.05"]
[SourceVersion "1"]
[SourceVersionDate "2022.10.05"]
[SourceQuality "1"]

1. e4 e5 2. Nf3 Nf6 3. Nxe5 d6 4. Nf3 Nxe4 5. d4 d5 6. Bd3 Nc6 7. h3 Be7 8. Bf4 Bd6 9. Bxd6 Qxd6 10. c3 0-0 11. 0-0 Re8 12. Nbd2 Bf5 13. Qc2 Bg6 14. Nh4 Nxd2 15. Qxd2 Be4 16. Nf5 Qg6 17. Bxe4 Rxe4 18. Ng3 Re7 19. Rae1 Rae8 20. Rxe7 Rxe7 21. Re1 Qf6 22. Re3 h6 23. Rf3 Qe6 24. Re3 Qf6 25. Kh2 Qd6 26. Kg1 Qf6 27. Rf3 Qe6 28. Kf1 Kf8 29. Nf5 Re8 30. g3 Qe4 31. Kg2 Qb1 32. a3 Re1 33. h4 Rg1+ 34. Kh3 h5 35. Rf4 Qe1 0-1

[Event "Wch U12 Girls"]
[Site "Batumi"]
[Date "2022.09.17"]
[Round "2"]
[White "Kozusnikova, Daniela"]
[Black "Ashotia, Barbare"]
[Result "0-1"]
[WhiteElo "1597"]
[BlackElo "1242"]
[PlyCount "114"]
[EventDate "2022.09.16"]
[EventType "swiss"]
[EventRounds "11"]
[EventCountry "GEO"]
[SourceTitle "EXT 2023"]
[Source "ChessBase"]
[SourceDate "2022.10.05"]
[SourceVersion "1"]
[SourceVersionDate "2022.10.05"]
[SourceQuality "1"]

1. e4 c5 2. Nf3 Nc6 3. c4 e5 4. Nc3 d6 5. d3 g6 6. g3 Bg7 7. Bg2 Nge7 8. 0-0 0-0 9. b3 f5 10. Bb2 f4 11. h3 h6 12. Ne2 g5 13. g4 Qe8 14. Ne1 h5 15. f3 hxg4 16. hxg4 Qg6 17. Kf2 Kf7 18. Rh1 Bd7 19. Nc2 Rh8 20. Qd2 Qf6 21. Nc3 a6 22. Nd5 Nxd5 23. cxd5 Ne7 24. b4 b6 25. Na3 Ng6 26. Nc4 Rab8 27. Rab1 Bb5 28. bxc5 bxc5 29. Bc3 Nh4 30. Qc2 Nxg2 31. Kxg2 Rxh1 32. Rxh1 Bf8 33. Rb1 Be7 34. Qc1 Rh8 35. Be1 Qh6 36. Kf1 Qh2 37. Bf2 Rh3 38. Ke2 Bxc4 39. dxc4 Qg2 40. Qc3 Bd8 41. Qb3 Ba5 42. Rf1 Kf6 43. Rg1 Qh2 44. Qb8 Ke7 45. Qb7+ Kd8 46. Qb8+ Kd7 47. Qg8 Rh7 48. Qxg5 Qh6 49. Qxh6 Rxh6 50. Rb1 Bb4 51. Kf1 Rh1+ 52. Bg1 Rh3 53. Kg2 Rg3+ 54. Kf2 Bc3 55. Ke2 Rg2+ 56. Kd3 Bb4 57. Ra1 Rd2# 0-1

[Event "Skalica op-B"]
[Site "Skalica"]
[Date "2022.08.25"]
[Round "6"]
[White "Kozusnikova, Daniela"]
[Black "Haasova, Timea"]
[Result "0-1"]
[WhiteElo "1548"]
[BlackElo "1821"]
[PlyCount "102"]
[EventDate "2022.08.20"]
[EventType "swiss"]
[EventRounds "9"]
[EventCountry "SVK"]
[SourceTitle "CBM 209 Extra"]
[Source "ChessBase"]
[SourceDate "2022.09.30"]
[SourceVersion "1"]
[SourceVersionDate "2022.09.30"]
[SourceQuality "1"]

1. e4 c5 2. Nf3 e6 3. c4 Nc6 4. d4 cxd4 5. Nxd4 Nf6 6. Nc3 Bb4 7. Nxc6 bxc6 8. Qc2 Qa5 9. Bd2 Qc7 10. Bd3 0-0 11. h3 d5 12. cxd5 cxd5 13. exd5 exd5 14. 0-0 d4 15. Ne4 Qxc2 16. Bxc2 Bxd2 17. Nxd2 Ba6 18. Rfe1 d3 19. Bb3 Rfe8 20. Rxe8+ Rxe8 21. Bd1 Re1+ 22. Kh2 Kf8 23. Rc1 Nd5 24. a3 Nb6 25. b3 Nd5 26. Nf3 Rf1 27. Kg3 f5 28. Rc5 f4+ 29. Kh2 Ne7 30. Rc1 Rxf2 31. Kg1 Ra2 32. a4 Nd5 33. Nd4 Ne3 34. Nf3 Rxg2+ 35. Kh1 Rf2 36. Rc6 Bb7 37. Rc7 Bxf3+ 38. Bxf3 Rxf3 39. Rd7 Nf5 40. Kg2 Nh4+ 41. Kg1 Rxh3 42. Kf2 Re3 43. Rd4 g5 44. Rd5 Nf3 45. b4 d2 46. b5 g4 47. a5 g3+ 48. Kg2 Ne1+ 49. Kf1 Nd3 50. Rxd3 Rxd3 51. Ke2 d1Q# 0-1

[Event "Skalica op-B"]
[Site "Skalica"]
[Date "2022.08.21"]
[Round "2"]
[White "Sprusansky, Ferdinand"]
[Black "Kozusnikova, Daniela"]
[Result "0-1"]
[WhiteElo "1228"]
[BlackElo "1548"]
[PlyCount "124"]
[EventDate "2022.08.20"]
[EventType "swiss"]
[EventRounds "9"]
[EventCountry "SVK"]
[SourceTitle "CBM 209 Extra"]
[Source "ChessBase"]
[SourceDate "2022.09.30"]
[SourceVersion "1"]
[SourceVersionDate "2022.09.30"]
[SourceQuality "1"]

1. e4 e5 2. Nf3 Nf6 3. Nc3 Bb4 4. a3 Ba5 5. d4 Nxe4 6. Qd3 Nxc3 7. bxc3 exd4 8. Qxd4 0-0 9. Bd2 Nc6 10. Qg4 Re8+ 11. Be2 d5 12. Qg3 Qe7 13. 0-0 Bf5 14. Bd3 Bxd3 15. cxd3 Qe2 16. Rfe1 Qxd3 17. Rxe8+ Rxe8 18. Bh6 Qxc3 19. Rc1 Qf6 20. Bg5 Qe6 21. h3 Qg6 22. Qg4 Qe6 23. Qh4 Qd6 24. Bf4 Qxa3 25. Qg4 Qe7 26. Bh6 Qf6 27. Bg5 Qe6 28. Qg3 Ne7 29. Nd4 Qe4 30. Be3 Bb6 31. Nb5 Bxe3 32. fxe3 c6 33. Nd6 Nf5 34. Nxe4 Nxg3 35. Nxg3 Rxe3 36. Kf2 Re5 37. Rb1 b6 38. Ne2 c5 39. Ra1 Re7 40. Nc3 d4 41. Nb5 a5 42. Nd6 Re6 43. Nb7 Kf8 44. Rb1 Ke7 45. Rb5 Rc6 46. Ke2 Kd7 47. Kd3 Kc7 48. Nxa5 bxa5 49. Rxa5 Kd6 50. Ra7 Rc7 51. Ra6+ Kd5 52. Ra5 Rb7 53. Ra8 c4+ 54. Kc2 d3+ 55. Kc3 Rb3+ 56. Kd2 Rb2+ 57. Kc3 Rc2+ 58. Kb4 d2 59. Rd8+ Ke4 60. Re8+ Kd3 61. Rd8+ Ke2 62. Re8+ Kd1 0-1

[Event "CZE-ch U12 Girls"]
[Site "Luhacovice"]
[Date "2022.03.16"]
[Round "6"]
[White "Buchtova, Viktorie"]
[Black "Kozusnikova, Daniela"]
[Result "1/2-1/2"]
[WhiteElo "1494"]
[BlackElo "1340"]
[PlyCount "63"]
[EventDate "2022.03.12"]
[EventType "swiss"]
[EventRounds "9"]
[EventCountry "CZE"]
[SourceTitle "EXT 2023"]
[Source "ChessBase"]
[SourceDate "2022.10.05"]
[SourceVersion "1"]
[SourceVersionDate "2022.10.05"]
[SourceQuality "1"]

1. e4 e5 2. Nf3 Nf6 3. Nxe5 d6 4. Nf3 Nxe4 5. c4 Be7 6. d3 Nf6 7. d4 0-0 8. Be3 Bf5 9. Nc3 h6 10. Ne2 d5 11. c5 Re8 12. Ng3 Bh7 13. Ne5 Bxc5 14. dxc5 Rxe5 15. Be2 c6 16. 0-0 Nbd7 17. Rc1 Ne4 18. Qb3 Qc8 19. Rfd1 Re7 20. Bg4 Qc7 21. Nf5 Bxf5 22. Bxf5 Rae8 23. g3 Ng5 24. Bf4 Qc8 25. Bd6 Re2 26. f4 R8e3 27. Rc3 Nf3+ 28. Kf1 Nxh2+ 29. Kg1 Nf3+ 30. Kf1 Nh2+ 31. Kg1 Nf3+ 32. Kf1 1/2-1/2

[Event "CZE-ch U12 Girls"]
[Site "Luhacovice"]
[Date "2022.03.14"]
[Round "3"]
[White "Kozusnikova, Daniela"]
[Black "Stavova, Lucie"]
[Result "1-0"]
[WhiteElo "1340"]
[BlackElo "1048"]
[PlyCount "73"]
[EventDate "2022.03.12"]
[EventType "swiss"]
[EventRounds "9"]
[EventCountry "CZE"]
[SourceTitle "EXT 2023"]
[Source "ChessBase"]
[SourceDate "2022.10.05"]
[SourceVersion "1"]
[SourceVersionDate "2022.10.05"]
[SourceQuality "1"]

1. d4 d5 2. Nc3 Nf6 3. Bg5 e6 4. Nf3 Be7 5. e3 Nbd7 6. Bd3 Nf8 7. Bf4 Ng6 8. Bg3 Bd7 9. Ne5 c6 10. h3 Bd6 11. Nxg6 Bxg3 12. Nxh8 Bd6 13. Nxf7 Kxf7 14. Qf3 Ke7 15. 0-0-0 Qf8 16. e4 dxe4 17. Nxe4 Kd8 18. Nxd6 Qxd6 19. Rhe1 Kc7 20. Qe3 Re8 21. Qe5 Qxe5 22. dxe5 Nd5 23. Bxh7 b6 24. Be4 Nb4 25. a3 Na6 26. Rd2 Nc5 27. Bf3 Nb7 28. Red1 Rd8 29. Rd4 c5 30. Rg4 Kc8 31. Rxg7 Na5 32. Be4 Nc4 33. f4 a5 34. Rd3 Bb5 35. Rxd8+ Kxd8 36. Bd3 Ke8 37. a4 1-0

[Event "CZE-ch U12 Girls"]
[Site "Luhacovice"]
[Date "2022.03.14"]
[Round "4"]
[White "Stehlikova, Vanessa"]
[Black "Kozusnikova, Daniela"]
[Result "0-1"]
[WhiteElo "1038"]
[BlackElo "1340"]
[PlyCount "98"]
[EventDate "2022.03.12"]
[EventType "swiss"]
[EventRounds "9"]
[EventCountry "CZE"]
[SourceTitle "EXT 2023"]
[Source "ChessBase"]
[SourceDate "2022.10.05"]
[SourceVersion "1"]
[SourceVersionDate "2022.10.05"]
[SourceQuality "1"]

1. e4 e5 2. Nf3 Nf6 3. Nc3 Bb4 4. d3 0-0 5. Be2 Nc6 6. 0-0 d6 7. Bd2 Be6 8. a3 Bc5 9. Be3 Bb6 10. Nd5 Nxd5 11. exd5 Bxd5 12. c4 Be6 13. d4 exd4 14. Nxd4 Nxd4 15. Bxd4 Qh4 16. Bxb6 axb6 17. b3 Rfe8 18. Bf3 Rab8 19. Re1 Qg5 20. Ra2 b5 21. cxb5 Qxb5 22. Be2 Qxb3 23. Qxb3 Bxb3 24. Raa1 Ba4 25. Rac1 Bc6 26. Rc3 Re5 27. f4 Re4 28. g3 Rbe8 29. Kf2 g6 30. Rcc1 Kg7 31. Bg4 Rxe1 32. Rxe1 Rxe1 33. Kxe1 f5 34. Bd1 Be4 35. Ke2 Kf6 36. Bb3 d5 37. Ke3 c5 38. a4 b6 39. Bd1 Ke6 40. h3 d4+ 41. Kf2 Kd5 42. Bb3+ c4 43. Bd1 Kc5 44. g4 Kb4 45. gxf5 Bxf5 46. h4 Kc3 47. Ke2 Bc2 48. Ke1 Bxd1 49. Kxd1 Kb2 0-1

[Event "Skalica op-B"]
[Site "Skalica"]
[Date "2021.08.26"]
[Round "6"]
[White "Bartos, Bohumil"]
[Black "Kozusnikova, Daniela"]
[Result "1-0"]
[WhiteElo "1501"]
[BlackElo "1357"]
[PlyCount "70"]
[EventDate "2021.08.21"]
[EventType "swiss"]
[EventRounds "9"]
[EventCountry "SVK"]
[SourceTitle "CBM 204 Extra"]
[Source "ChessBase"]
[SourceDate "2021.11.30"]
[SourceVersion "1"]
[SourceVersionDate "2021.11.30"]
[SourceQuality "1"]

1. d4 d5 2. Bf4 Nf6 3. e3 g6 4. Be2 Bg7 5. Nd2 Nc6 6. h3 0-0 7. Ngf3 Bd7 8. 0-0 Re8 9. c4 e6 10. cxd5 exd5 11. Qb3 Rb8 12. Rfc1 a6 13. a4 Bf5 14. Qc3 Qe7 15. Rab1 Bxb1 16. Rxb1 Ne4 17. Nxe4 Qxe4 18. Bd3 Qe7 19. Bxa6 Qd7 20. Bb5 f6 21. Nd2 Re7 22. Nb3 Qe6 23. Nc5 Qf5 24. Rc1 Nd8 25. Nb3 Rc8 26. Nc5 c6 27. g4 Qxf4 28. exf4 cxb5 29. Qd2 Ra8 30. Re1 Kf7 31. Rxe7+ Kxe7 32. Qe2+ Kf8 33. Qxb5 Rb8 34. Nd7+ Ke7 35. Nxb8 Bf8 1-0

[Event "Skalica op-B"]
[Site "Skalica"]
[Date "2021.08.21"]
[Round "1"]
[White "Kozusnikova, Daniela"]
[Black "Juracak, David"]
[Result "0-1"]
[WhiteElo "1357"]
[BlackElo "1660"]
[PlyCount "154"]
[EventDate "2021.08.21"]
[EventType "swiss"]
[EventRounds "9"]
[EventCountry "SVK"]
[SourceTitle "CBM 204 Extra"]
[Source "ChessBase"]
[SourceDate "2021.11.30"]
[SourceVersion "1"]
[SourceVersionDate "2021.11.30"]
[SourceQuality "1"]

1. e4 e5 2. Nf3 Nf6 3. Nxe5 d6 4. Nf3 Nxe4 5. d4 d5 6. Bd3 Nc6 7. 0-0 Be7 8. Bd2 Bg4 9. Bb5 0-0 10. Bxc6 bxc6 11. Re1 Bg5 12. Bxg5 Nxg5 13. Nbd2 Qf6 14. Re3 Rfe8 15. Rc3 Rab8 16. b3 Rb4 17. Rd3 Nxf3+ 18. Nxf3 Bxf3 19. Qxf3 Qxf3 20. gxf3 Re2 21. c3 Rb8 22. Kf1 Rbe8 23. a4 Rb2 24. b4 Ree2 25. Re1 Rxf2+ 26. Kg1 Rg2+ 27. Kh1 Rxh2+ 28. Kg1 Rbg2+ 29. Kf1 Rh1+ 30. Kxg2 Rxe1 31. Kf2 Ra1 32. a5 f6 33. Re3 Kf7 34. Kg3 Rc1 35. f4 a6 36. Kg4 g6 37. Rf3 h5+ 38. Kg3 Rc2 39. Re3 Kf8 40. Kh4 Kf7 41. Rf3 Re2 42. f5 Re4+ 43. Kh3 g5 44. Kg3 h4+ 45. Kg2 Rf4 46. Rh3 Rxf5 47. c4 dxc4 48. Rc3 Rd5 49. Rxc4 Rd6 50. Rc3 Ke7 51. Rc4 Kd7 52. Kh3 Ke6 53. Rc5 f5 54. Kg2 g4 55. Re5+ Kf6 56. Rc5 Kg5 57. Kh2 Kf4 58. Kg2 Ke4 59. Kh2 Rf6 60. Rc4 Kd5 61. Rc2 Kxd4 62. Kg2 f4 63. Rc1 h3+ 64. Kh2 Rh6 65. Rf1 g3+ 66. Kg1 Ke3 67. Re1+ Kd2 68. Rb1 f3 69. Rb2+ Kc3 70. Ra2 h2+ 71. Kh1 Kb3 72. Rd2 g2+ 73. Rxg2 fxg2+ 74. Kxg2 h1Q+ 75. Kf2 Rh3 76. Ke2 Qg2+ 77. Ke1 Rh1# 0-1

[Event "Nizami Ganjavi 880 years U17"]
[Site "Tornelo INT"]
[Date "2021.04.04"]
[Round "9.7"]
[White "Jansone, Melanija Luize"]
[Black "Kozusnikova, Daniela"]
[Result "1-0"]
[WhiteElo "1389"]
[BlackElo "1389"]
[PlyCount "77"]
[EventDate "2021.04.02"]
[EventType "team-swiss (blitz)"]
[EventRounds "9"]
[EventCountry "AZE"]
[SourceTitle "EXT 2023"]
[Source "ChessBase"]
[SourceDate "2022.10.05"]
[SourceVersion "1"]
[SourceVersionDate "2022.10.05"]
[SourceQuality "1"]
[WhiteTeam "Latvia"]
[BlackTeam "Czech Republic"]
[WhiteTeamCountry "LAT"]
[BlackTeamCountry "CZE"]

1. e4 e5 2. Nf3 Nf6 3. Nxe5 d6 4. Nf3 Nxe4 5. d4 d5 6. Bd3 Nc6 7. 0-0 Be7 8. Re1 Bg4 9. Bxe4 dxe4 10. Rxe4 Bxf3 11. Qxf3 Nxd4 12. Qd1 Nc6 13. Re1 0-0 14. Nc3 Bb4 15. Bd2 Re8 16. a3 Ba5 17. h3 Qd7 18. Ne4 Bxd2 19. Qxd2 Qf5 20. Ng3 Qf6 21. c3 Rad8 22. Qc2 h6 23. Rad1 Ne5 24. Rxd8 Rxd8 25. b3 Nd3 26. Rd1 Nf4 27. Rxd8+ Qxd8 28. Qe4 Qd1+ 29. Kh2 Nd5 30. c4 Nb6 31. Qxb7 Qxb3 32. c5 Qxa3 33. cxb6 cxb6 34. Qb8+ Kh7 35. Qe5 g6 36. Ne4 h5 37. Nf6+ Kh6 38. Ne4 a5 39. Qh8# 1-0

[Event "Nizami Ganjavi 880 years U17"]
[Site "Tornelo INT"]
[Date "2021.04.04"]
[Round "7.9"]
[White "Kozusnikova, Daniela"]
[Black "Haapsal, Maria Ioanna"]
[Result "0-1"]
[WhiteElo "1389"]
[BlackElo "1282"]
[PlyCount "92"]
[EventDate "2021.04.02"]
[EventType "team-swiss (blitz)"]
[EventRounds "9"]
[EventCountry "AZE"]
[SourceTitle "EXT 2023"]
[Source "ChessBase"]
[SourceDate "2022.10.05"]
[SourceVersion "1"]
[SourceVersionDate "2022.10.05"]
[SourceQuality "1"]
[WhiteTeam "Czech Republic"]
[BlackTeam "Estonia"]
[WhiteTeamCountry "CZE"]
[BlackTeamCountry "EST"]

1. e4 c5 2. Nf3 e6 3. c4 Nc6 4. d4 cxd4 5. Nxd4 Nf6 6. Nc3 Bb4 7. Nxc6 bxc6 8. Bd3 d5 9. exd5 exd5 10. cxd5 Nxd5 11. Bd2 Bxc3 12. Bxc3 Nxc3 13. bxc3 0-0 14. 0-0 Be6 15. Qc2 h6 16. Rad1 Qc7 17. h3 Rad8 18. Rfe1 Rd6 19. Be4 Rfd8 20. a3 Qa5 21. a4 Qb6 22. Rxd6 Rxd6 23. Rb1 Qc7 24. Qb2 g6 25. a5 Bd5 26. Bc2 Be6 27. Qb4 Kh7 28. c4 Rd4 29. Qc5 Rxc4 30. Qa3 Rxc2 31. Qf8 Rd2 32. g3 Rd8 33. Qc5 Bd5 34. a6 Rb8 35. Rd1 Qb6 36. Qc3 Qxa6 37. Qe5 Qc8 38. Ra1 Ra8 39. Qd6 a5 40. Qc5 Qd8 41. Qc3 a4 42. Qb4 Qa5 43. Qa3 Qb5 44. Kh2 Qc4 45. Rc1 Qe4 46. Rc3 Qg2# 0-1

[Event "Nizami Ganjavi 880 years U17"]
[Site "Tornelo INT"]
[Date "2021.04.03"]
[Round "4.11"]
[White "Amaya Retamozo, Carmen Rebeca"]
[Black "Kozusnikova, Daniela"]
[Result "1-0"]
[WhiteElo "1015"]
[BlackElo "1389"]
[PlyCount "69"]
[EventDate "2021.04.02"]
[EventType "team-swiss (blitz)"]
[EventRounds "9"]
[EventCountry "AZE"]
[SourceTitle "EXT 2023"]
[Source "ChessBase"]
[SourceDate "2022.10.05"]
[SourceVersion "1"]
[SourceVersionDate "2022.10.05"]
[SourceQuality "1"]
[WhiteTeam "Peru"]
[BlackTeam "Czech Republic"]
[WhiteTeamCountry "PER"]
[BlackTeamCountry "CZE"]

1. e4 e5 2. Nf3 Nf6 3. Nxe5 d6 4. Nf3 Nxe4 5. d4 d5 6. Bd3 Nc6 7. 0-0 Be7 8. c4 Nf6 9. Nc3 0-0 10. h3 h6 11. Re1 Be6 12. c5 Re8 13. Bf4 Qd7 14. a3 b6 15. Bb5 bxc5 16. Qa4 Qd8 17. Bxc6 Bd7 18. Bxd7 Nxd7 19. Nxd5 Bd6 20. Rxe8+ Qxe8 21. Bxd6 cxd6 22. Nc7 Nb6 23. Qxe8+ Rxe8 24. Nxe8 Kf8 25. Nxd6 Na4 26. Re1 g6 27. dxc5 Nxc5 28. Re8+ Kg7 29. Re7 h5 30. Rxf7+ Kh6 31. Ne5 Kg5 32. f4+ Kh6 33. g4 hxg4 34. Nxg4+ Kh5 35. Rh7# 1-0